01302nas a2200229 4545000010006000000050017000060080037000230030015000600400040000750800153001152450026002682640047002943100329003411000086006707000062007566500030008186500027008486500026008756500013009016500022009148560136009362031620260407193506.0260407s2005####ag###########|||spa#dAR-UNSa-BCEJYS aAR-UNSa-BCEJYSbspacAR-UNSa-BCEJYS a338xSituación económica. Política económica. Gestión de la economía. Planificación de la economía. Producción. Servicios. Precios10aDocumento de proyecto 1aSantiago de Chile :bNaciones Unidasc2005 aNumeración varía: CEPAL reserva numeración para años posteriores, por este motivo en algunos casos, no hay correlación entre año y número Puede haber números repetidos en diferentes años, la numeración se sigue según figura en la página Web, la fecha de edición es la que figura en la publicación1 aNaciones Unidas. Comisión Económica para América Latina y el Caribe (CEPAL)1 aCámara Argentina Fabricantes de Maquinarias Agrícolas aIntegración económica aAnálisis económico aPolítica industrial aMERCOSUR aCOMERCIO EXTERIOR41uhttps://biblioeco.unsa.edu.ar/pmb/images/revistas/Mapa Biotecnol?gico de la Provincia de Cordoba.jpgyImagen de portadaqimage/jpeg